| 000 | 00388nam a22001697a 4500 | ||
|---|---|---|---|
| 003 | OSt | ||
| 005 | 20211004103408.0 | ||
| 008 | 211004b |||||||| |||| 00| 0 eng d | ||
| 020 | _a1881508447 | ||
| 040 | _cHU | ||
| 082 | _a331 | ||
| 100 |
_aTOMAS STRIISSGUTH _99499 |
||
| 245 | _aLEGENDERY LABORE LEADERES | ||
| 260 |
_aMINNEAPOLIS _bINC _c1998 |
||
| 300 | _a160 | ||
| 942 |
_2ddc _cBOOKS _n0 |
||
| 999 |
_c8881 _d8881 |
||